[Event "Wch U20 62nd"]
[Site "Petrovac"]
[Date "2025.03.07"]
[Round "11"]
[White "Qalichava, Akaki"]
[Black "Jares, Michal"]
[Result "1-0"]
[WhiteElo "2180"]
[BlackElo "2269"]
[PlyCount "141"]
[EventDate "2025.02.25"]
[EventType "swiss"]
[EventRounds "11"]
[EventCountry "MNE"]
[SourceTitle "CB11_2025"]
[SourceDate "2025.03.12"]
[SourceVersion "1"]
[SourceVersionDate "2025.03.12"]
[SourceQuality "1"]

1. e4 c5 2. Nf3 d6 3. d4 cxd4 4. Qxd4 Nc6 5. Bb5 Bd7 6. Bxc6 Bxc6 7. Nc3 Nf6 8. Bg5 e6 9. 0-0-0 Be7 10. Qd3 0-0 11. h4 Rc8 12. Kb1 b5 13. Nd4 b4 14. Nxc6 Rxc6 15. Ne2 Qa5 16. g4 Rfc8 17. Rd2 Qa6 18. f3 Qxd3 19. cxd3 a5 20. Rc1 h6 21. Rxc6 Rxc6 22. Bf4 g5 23. hxg5 hxg5 24. Bg3 Nd7 25. Rc2 Rxc2 26. Kxc2 a4 27. Nd4 Nc5 28. Nc6 b3+ 29. axb3 axb3+ 30. Kc3 Kf8 31. d4 Na4+ 32. Kxb3 Nb6 33. Be1 d5 34. Nxe7 Kxe7 35. Bb4+ Kd7 36. e5 Nc4 37. Kc2 Ne3+ 38. Kd3 Nd1 39. b3 Nf2+ 40. Ke2 Nh3 41. Bd2 Kc6 42. Be3 Kb5 43. Kd3 Kb4 44. Kc2 Kb5 45. Kb1 Ka5 46. Ka2 Kb4 47. Kb2 Ka5 48. Ka3 Kb5 49. b4 Kc4 50. Ka4 Kd3 51. b5 Kxe3 52. b6 Kxd4 53. b7 Ng1 54. b8Q Nxf3 55. Qg8 Nxe5 56. Qxg5 Ke4 57. Qh5 d4 58. Kb3 Kf4 59. g5 Ng6 60. Kc4 e5 61. Kd3 Kf5 62. Qh3+ Kxg5 63. Ke4 Kf6 64. Qd7 Kg7 65. Kf5 Nf8 66. Qd6 Ng6 67. Kg5 d3 68. Qxd3 Nf4 69. Qd6 Ng6 70. Qc7 e4 71. Qc3+ 1-0

[Event "Wch U20 62nd"]
[Site "Petrovac"]
[Date "2025.03.05"]
[Round "9"]
[White "Jares, Michal"]
[Black "Obidjonov, Oriyat"]
[Result "1-0"]
[WhiteElo "2269"]
[BlackElo "2077"]
[PlyCount "91"]
[EventDate "2025.02.25"]
[EventType "swiss"]
[EventRounds "11"]
[EventCountry "MNE"]
[SourceTitle "CB11_2025"]
[SourceDate "2025.03.12"]
[SourceVersion "1"]
[SourceVersionDate "2025.03.12"]
[SourceQuality "1"]

1. c4 Nf6 2. Nf3 e6 3. g3 d5 4. Bg2 Be7 5. 0-0 0-0 6. d4 dxc4 7. Qc2 a6 8. a4 Bd7 9. Qxc4 Bc6 10. Bg5 Nbd7 11. Nc3 h6 12. Bxf6 Nxf6 13. Rfd1 Rb8 14. Ne5 Bxg2 15. Kxg2 c6 16. a5 Qd6 17. Nd3 Rfd8 18. e3 Nd7 19. Ne4 Qd5 20. Qxd5 cxd5 21. Nec5 Nxc5 22. dxc5 Kf8 23. b4 Rbc8 24. Rdc1 Rc7 25. b5 Rdc8 26. b6 Rc6 27. Ne5 Bf6 28. Nxc6 Rxc6 29. Ra2 Ke8 30. f4 e5 31. fxe5 Bg5 32. Kf3 d4 33. Ke4 Bxe3 34. Rc4 Ke7 35. Ra1 Ke6 36. Rf1 Ke7 37. Kd5 Ke8 38. Rd1 Ke7 39. Rd3 h5 40. Rc2 Kd7 41. Rd1 Ke7 42. Rf1 Ke8 43. Rc4 Ke7 44. Rxd4 Bxd4 45. Kxd4 Ke6 46. Kc4 1-0

[Event "CZE-ch Blitz"]
[Site "Brno"]
[Date "2024.12.21"]
[Round "15"]
[White "Haba, Petr"]
[Black "Jares, Michal"]
[Result "1-0"]
[WhiteElo "2426"]
[BlackElo "2284"]
[PlyCount "71"]
[EventDate "2024.12.21"]
[EventType "swiss (blitz)"]
[EventRounds "15"]
[EventCountry "CZE"]
[SourceTitle "CB52_2024"]
[SourceDate "2024.12.25"]
[SourceVersion "1"]
[SourceVersionDate "2024.12.25"]
[SourceQuality "1"]

1. e4 c6 2. d4 d5 3. e5 Bf5 4. Nf3 e6 5. Be2 Ne7 6. c3 Nd7 7. 0-0 h6 8. Be3 g5 9. Ne1 Bg7 10. f4 gxf4 11. Bxf4 Qb6 12. Qb3 Qxb3 13. axb3 c5 14. Bd3 Bxd3 15. Nxd3 Nc6 16. Be3 cxd4 17. cxd4 f6 18. Nf4 Kf7 19. Nd2 Rhf8 20. exf6 Bxf6 21. Nh5 Kg6 22. Nxf6 Rxf6 23. Rxf6+ Kxf6 24. Rf1+ Kg7 25. Rf3 Rf8 26. Rg3+ Kh7 27. Rh3 Rf6 28. Nf3 Ne7 29. Bg5 Rf7 30. Rxh6+ Kg7 31. Rxe6 Nc6 32. h4 Nb6 33. h5 Nb4 34. h6+ Kh7 35. Bd2 Rf8 36. Bxb4 1-0

[Event "Pardubice rapid op 35th"]
[Site "Pardubice"]
[Date "2024.07.18"]
[Round "5"]
[White "Pulpan, Jakub"]
[Black "Jares, Michal"]
[Result "1-0"]
[WhiteElo "2383"]
[BlackElo "2283"]
[PlyCount "73"]
[EventDate "2024.07.17"]
[EventType "swiss (rapid)"]
[EventRounds "9"]
[EventCountry "CZE"]
[SourceTitle "CBM 221 Extra"]
[Source "ChessBase"]
[SourceDate "2024.09.30"]
[SourceVersion "1"]
[SourceVersionDate "2024.09.30"]
[SourceQuality "1"]

1. Nf3 d5 2. e3 Nf6 3. c4 e6 4. b3 Be7 5. Bb2 0-0 6. Be2 b6 7. 0-0 Bb7 8. cxd5 Nxd5 9. d4 c5 10. dxc5 Bxc5 11. Nbd2 Be7 12. Rc1 Nd7 13. Rc4 Bf6 14. Nd4 Ba6 15. Rc1 Bxe2 16. Qxe2 Nc5 17. Nc4 Rc8 18. Rcd1 Qe7 19. e4 Nf4 20. Qe3 Bg5 21. h4 Bh6 22. Qf3 Rfd8 23. g3 Ng6 24. Nb5 Rxd1 25. Rxd1 Rd8 26. Nbd6 b5 27. Nxb5 Rxd1+ 28. Qxd1 Nxe4 29. Qd4 a6 30. Ba3 Qe8 31. Nc7 Nxg3 32. fxg3 Qc8 33. Nxa6 f6 34. Qd6 Ne5 35. Nxe5 Be3+ 36. Kf1 fxe5 37. Qb8 1-0

[Event "Pardubice rapid op 35th"]
[Site "Pardubice"]
[Date "2024.07.17"]
[Round "1"]
[White "Danek, Pavel"]
[Black "Jares, Michal"]
[Result "0-1"]
[WhiteElo "1940"]
[BlackElo "2283"]
[PlyCount "78"]
[EventDate "2024.07.17"]
[EventType "swiss (rapid)"]
[EventRounds "9"]
[EventCountry "CZE"]
[SourceTitle "CBM 221 Extra"]
[Source "ChessBase"]
[SourceDate "2024.09.30"]
[SourceVersion "1"]
[SourceVersionDate "2024.09.30"]
[SourceQuality "1"]

1. d4 Nf6 2. Nf3 e6 3. Bg5 d5 4. Nbd2 Be7 5. e3 0-0 6. Bd3 h6 7. Bh4 b6 8. Qe2 Bb7 9. Ne5 Nbd7 10. f4 c5 11. c3 Rc8 12. 0-0 Ne4 13. Bxe7 Qxe7 14. Nxd7 Qxd7 15. Nxe4 dxe4 16. Bb5 Qd5 17. Rfd1 c4 18. Ba4 b5 19. Bc2 a5 20. a3 Bc6 21. Kh1 Rb8 22. g4 b4 23. Rg1 f6 24. axb4 axb4 25. Raf1 bxc3 26. bxc3 Rb2 27. g5 fxg5 28. fxg5 Rxf1 29. Rxf1 Qxg5 30. Rg1 Qf5 31. Rf1 Rxc2 32. Qd1 Qf3+ 33. Rxf3 exf3 34. Kg1 f2+ 35. Kf1 Be4 36. Qxc2 Bxc2 37. Kxf2 Kf7 38. Kf3 Kf6 39. h4 Kf5 0-1

[Event "Wch U20 61st"]
[Site "Gandhinagar"]
[Date "2024.06.07"]
[Round "6"]
[White "Jares, Michal"]
[Black "Tleukhanov, Yerlan"]
[Result "0-1"]
[WhiteElo "2382"]
[BlackElo "2025"]
[PlyCount "116"]
[EventDate "2024.06.02"]
[EventType "swiss"]
[EventRounds "11"]
[EventCountry "IND"]
[SourceTitle "CBM 220 Extra"]
[Source "ChessBase"]
[SourceDate "2024.07.31"]
[SourceVersion "1"]
[SourceVersionDate "2024.07.31"]
[SourceQuality "1"]

1. Nf3 Nf6 2. g3 b5 3. Bg2 Bb7 4. 0-0 e6 5. b3 Be7 6. c4 b4 7. Bb2 0-0 8. d4 d6 9. Nbd2 Nbd7 10. Qc2 c5 11. dxc5 Nxc5 12. Ng5 h6 13. Bxb7 Nxb7 14. Bxf6 hxg5 15. Bd4 a5 16. Qb2 e5 17. Be3 f5 18. f3 Qd7 19. Qc2 Nd8 20. Rfd1 Nc6 21. Nf1 e4 22. Qd2 exf3 23. exf3 Qb7 24. Qd5+ Kh8 25. Bf2 a4 26. Re1 Bf6 27. Rac1 axb3 28. axb3 Ra5 29. c5 dxc5 30. Rxc5 Rxc5 31. Qxc5 Ne7 32. Re6 Rc8 33. Qb6 Qxb6 34. Rxb6 Bc3 35. Rb5 Ra8 36. Ne3 Ra3 37. Rb7 Nc6 38. Nd5 Rxb3 39. Rb6 Nd4 40. Nxc3 bxc3 41. Bxd4 c2 42. Rc6 Rb1+ 43. Kg2 c1Q 44. Rxc1 Rxc1 45. Be3 Rc2+ 46. Kh3 Rc3 47. Bxg5 Rxf3 48. Kh4 Kh7 49. Bf4 Kg6 50. h3 Rf1 51. Bg5 Ra1 52. g4 Ra4 53. Be3 f4 54. Bd2 Rc4 55. g5 Kf5 56. g6 Rc8 57. Bxf4 Kxf4 58. Kh5 Rh8# 0-1

[Event "CZE-ch U18"]
[Site "Jaromerice nad Rokytnou"]
[Date "2024.03.10"]
[Round "2"]
[White "Jares, Michal"]
[Black "Soucek, Petr"]
[Result "1-0"]
[WhiteElo "2347"]
[BlackElo "2209"]
[PlyCount "77"]
[EventDate "2024.03.10"]
[EventType "tourn"]
[EventRounds "11"]
[EventCountry "CZE"]
[SourceTitle "EXT 2025"]
[Source "ChessBase"]
[SourceDate "2024.10.14"]
[SourceVersion "1"]
[SourceVersionDate "2024.10.14"]
[SourceQuality "1"]

1. Nf3 Nf6 2. g3 d5 3. Bg2 c5 4. 0-0 g6 5. b3 Bg7 6. Bb2 0-0 7. c4 d4 8. b4 Nfd7 9. bxc5 Nc6 10. d3 Nxc5 11. Nbd2 h6 12. Rb1 Bd7 13. Ba3 b6 14. Bxc5 bxc5 15. Ne4 Qa5 16. Qd2 Rac8 17. Rb5 Qxd2 18. Nfxd2 a6 19. Rb6 Nb8 20. Nb3 Bg4 21. Nexc5 Bxe2 22. Re1 Bg4 23. h3 Nd7 24. Nxd7 Bxd7 25. Rxe7 Bf5 26. Be4 Bxh3 27. Rxa6 Rfe8 28. Rxe8+ Rxe8 29. Ra8 Kf8 30. Rxe8+ Kxe8 31. a4 Kd8 32. a5 Kc7 33. a6 Kb6 34. Bb7 Bf5 35. c5+ Kc7 36. Na5 Kb8 37. c6 Be5 38. c7+ Bxc7 39. Nc6# 1-0

[Event "CZE-ch U18"]
[Site "Jaromerice nad Rokytnou"]
[Date "2024.03.10"]
[Round "3"]
[White "Vilimek, Vit"]
[Black "Jares, Michal"]
[Result "0-1"]
[WhiteElo "2061"]
[BlackElo "2347"]
[PlyCount "80"]
[EventDate "2024.03.10"]
[EventType "tourn"]
[EventRounds "11"]
[EventCountry "CZE"]
[SourceTitle "EXT 2025"]
[Source "ChessBase"]
[SourceDate "2024.10.14"]
[SourceVersion "1"]
[SourceVersionDate "2024.10.14"]
[SourceQuality "1"]

1. e4 c6 2. c4 d5 3. exd5 cxd5 4. cxd5 Nf6 5. Nc3 Nxd5 6. Bc4 Nxc3 7. Qf3 e6 8. dxc3 Be7 9. Qg3 Bf6 10. Bf4 Nc6 11. Bc7 Qe7 12. Bd6 Qd8 13. Bc7 Qe7 14. Bd6 Qd7 15. 0-0-0 e5 16. Nf3 Qg4 17. Nxe5 Bxe5 18. Bxe5 Qxc4 19. Qxg7 Rf8 20. Bd6 Ne7 21. Rhe1 Be6 22. Qf6 Ng8 23. Qg7 Ne7 24. Qf6 0-0-0 25. Bxe7 Rxd1+ 26. Rxd1 Re8 27. Qe5 Qxa2 28. Qc5+ Kb8 29. Qd6+ Kc8 30. Qc5+ Kb8 31. Bd6+ Ka8 32. Qb5 Rd8 33. Qb4 Bb3 34. Rd4 Qa1+ 35. Kd2 Qxb2+ 36. Ke3 Qc1+ 37. Kf3 Bd1+ 38. Ke4 Qc2+ 39. Kd5 Qf5+ 40. Kc4 b5+ 0-1

[Event "CZE-chT1E 2324"]
[Site "Czech Republic"]
[Date "2023.10.22"]
[Round "1.3"]
[White "Jares, Michal"]
[Black "Sikorova, Olga"]
[Result "1-0"]
[WhiteElo "2286"]
[BlackElo "2190"]
[PlyCount "61"]
[EventDate "2023.10.22"]
[EventType "team-tourn"]
[EventRounds "11"]
[EventCountry "CZE"]
[SourceTitle "EXT 2025"]
[Source "ChessBase"]
[SourceDate "2024.10.14"]
[SourceVersion "1"]
[SourceVersionDate "2024.10.14"]
[SourceQuality "1"]
[WhiteTeam "Polabiny III"]
[BlackTeam "Trinec"]
[WhiteTeamCountry "CZE"]
[BlackTeamCountry "CZE"]

1. Nf3 Nf6 2. g3 b6 3. Bg2 Bb7 4. 0-0 g6 5. c4 Bg7 6. d4 0-0 7. Nc3 Ne4 8. Bd2 Nxc3 9. Bxc3 d5 10. cxd5 Bxd5 11. Qc2 Nd7 12. e4 Bb7 13. Rad1 c6 14. Rfe1 e6 15. Bb4 Re8 16. Bd6 Bf8 17. Bxf8 Rxf8 18. h4 Rc8 19. Qd2 Qe7 20. h5 Rfd8 21. Qh6 Qf8 22. Qf4 Qg7 23. e5 c5 24. h6 Qf8 25. Ng5 Bxg2 26. Kxg2 cxd4 27. Rxd4 Nb8 28. Red1 Rxd4 29. Rxd4 Qe7 30. Ne4 Rd8 31. Qf6 1-0